| 000 | 00949nam a2200181Ia 4500 | ||
|---|---|---|---|
| 008 | 100920s9999 xx 000 0 und d | ||
| 082 |
_b78226 _a28 व 891,43 थ 99 |
||
| 100 | _aअनुवाद - लूथरा हरबंस लाल./कांट्रेक्टर मेहर आर. | ||
| 245 | _aशिक्षा में सृजनात्मक नाटक एवं कठपुतली नर्तन. | ||
| 260 |
_bनेशनल बुक ट्रस्ट,इंडिया. _c1999 |
||
| 300 |
_a104 _bसाधी |
||
| 365 | _b35 | ||
| 520 | _aबा.वि.हिंदी. | ||
| 630 | _aशिक्षा में सृजनात्मक नाटक एवं कठपुतली नर्तन. | ||
| 650 | _aबा.वि.हिंदी. | ||
| 730 | _aशिक्षा में सृजनात्मक नाटक एवं कठपुतली नर्तन. | ||
| 942 | _cBOOK | ||
| 999 |
_c719412 _d719409 |
||